000
00345nam a2200145Ia 4500
008
230718s9999 xx 000 0 und d
041
_a
Eng.
082
_a
34292
_b
AUT-T
100
_a
Autin,Ambrain Tariq
245
4
_a
The constitution of islamic
260
_a
Pakistan
_b
Punjab law book
_c
2012
300
_a
248
650
_a
Law
999
_c
28551
_d
28551